000 00373nam a2200169Ia 4500
003 0STCL
008 150530s9999 xx 000 0 und d
040 _aSTCL
_cSTCL
100 _aBabu Rao, M
245 _aJournal of Aquatic Biology
260 _c2009
_aHyderabad
300 _a0
546 _aEnglish
942 _2ddc
_cBK
999 _c37508
_d37508
005 20220125170422.0